Estadísticas para Mejor Jugador de cada Copa America

Haz click aquí para intentar la prueba.

Estadísticas generales

  • Esta prueba ha sido intentada 33 veces
    (28 desde el último reinicio)
  • La puntuación promedio es 9 de 47

Estadísticas de respuestas

AñoPaísJugador% Correcto
2021ArgentinaLionel Messi
100%
2015ArgentinaLionel Messi
100%
2011UruguayLuis Suarez
90%
2016ChileAlexis Sanchez
85%
1997BrasilRonaldo
80%
1959 IBrasilPele
60%
2019BrasilDani Alves
55%
1999BrasilRivaldo
50%
2004BrasilAdriano
40%
1987ColombiaCarlos Valderrama
40%
1975PeruTeofilo Cubillas
40%
2007BrasilRobinho
35%
1983UruguayEnzo Francescoli
25%
1995UruguayEnzo Francescoli
25%
1991ArgentinaLeonardo Rodriguez
25%
1939PeruTeodoro Fernandez
15%
1926UruguayJose Andrade
10%
1957ArgentinaOmar Sivori
10%
1949BrasilAdemir
5%
1955ChileEnrique Hormazabal
5%
1917UruguayHector Scarone
5%
1923UruguayJose Nasazzi
5%
1935UruguayJose Nasazzi
5%
1942UruguayObdulio Varela
5%
1989UruguayRuben Sosa
5%
1993ArgentinaSergio Goycochea
5%
1941ChileSergio Livingstone
5%
1946ArgentinaAdolfo Pedernera
0%
1922BrasilAgostinho Fortes
0%
1959 IIUruguayAlcides Silveira
0%
2001HondurasAmado Guevara
0%
1921ArgentinaAmerico Tesoriere
0%
1919BrasilArthur Friedenreich
0%
1979ChileCarlos Caszely
0%
1945BrasilDomingos da Guia
0%
1953ParaguayHeriberto Herrera
0%
1916UruguayIsabelino Gradin
0%
1947ArgentinaJose Manuel Moreno
0%
1920UruguayJose Piendibene
0%
1929ArgentinaManuel Ferreira
0%
1927ArgentinaManuel Seoane
0%
1925ArgentinaManuel Seoane
0%
1956UruguayOscar Miguez
0%
1924UruguayPedro Petrone
0%
1967UruguayPedro Rocha
0%
1963BoliviaRamiro Blacut
0%
1937ArgentinaVicente de la Mata
0%

Distribución de puntuación

Porcentaje por número respondido

Porcentaje de gente con cada puntuación

Historial de tus puntuaciones

No has intentado esta prueba desde el último reinicio